| 000 | 00924cab a2200265 4500 | ||
|---|---|---|---|
| 001 | ABS38846 | ||
| 008 | 090401t1988 xxu||||| |||| 00| 0 eng d | ||
| 035 | _a(Sirsi) u12737 | ||
| 041 | _aeng | ||
| 245 | _aSurrey | ||
| 260 | _c1988 | ||
| 350 | _a0 | ||
| 490 |
_aEstates Times _v(932) 19 February 1988, 15-36(16) |
||
| 520 | _aAn Estates Times survey which reviews development in Redhill , Reigate , Croydon , Sutton , Woking , Leatherhead , Epsom , Guildford , Staines , Weybridge , Camberley , Farnham , Kingston and Richmond . A Hillier Parker County Datafile of statistics includes office, industrial and retail rents. | ||
| 650 | _aGREEN BELT | ||
| 650 | _aHIGH TECH | ||
| 650 | _aINDUSTRIAL RENTS | ||
| 650 | _aM25 | ||
| 650 | _aOFFICE RENTS | ||
| 650 | _aOUT-OF-TOWN | ||
| 650 | _aSHOP RENTS | ||
| 690 | _aPROPERTY-COMMERCIAL PROPERTY-COMMERCIAL PROPERTY MARKET | ||
| 942 | _n0 | ||
| 948 | _c04/03/1997 | ||
| 999 |
_c8156 _d8156 |
||